00423cam a22001097a 4500008003800000082001600038245003400054260007700088500003200165650004600197700007000243180718b-- xxu||||| |||| 00| 0 eng d aL906x5432 G aAccounts at a glance, Haryana aChandigarhbPrincipal Accountant General (Accounts and Entitlements)c-- aLibrary has 2004/05-2010/11 aHaryana - Appropriations and expenditures aHaryana. Principal Accountant General (Accounts and Entitlements)